[Event "Titled Tue 27th May Late"]
[Site "chess.com INT"]
[Date "2025.05.27"]
[Round "11"]
[White "Alizadeh, Mohammad Mahdi"]
[Black "Suleymanli, Suleyman"]
[Result "1/2-1/2"]
[WhiteTitle "CM"]
[BlackTitle "FM"]
[WhiteElo "2015"]
[BlackElo "2322"]
[WhiteFideId "22598820"]
[BlackFideId "13416375"]
[EventDate "2025.05.27"]

1. c4 Nf6 2. Nc3 c5 3. Nf3 g6 4. g3 Bg7 5. Bg2 Nc6 6. d4 cxd4 7. Nxd4 O-O 8. O-O
d6 9. b3 Nxd4 10. Qxd4 Ne4 11. Qxe4 Bxc3 12. Bh6 Bxa1 13. Bxf8 Qxf8 14. Rxa1 Rb8
15. Qd4 b6 16. a4 Qd8 17. h4 h5 18. Bd5 Qc7 19. Qd3 Kg7 20. Qd4+ e5 21. Qd3 Bf5
22. Qd2 a6 23. Rd1 Qc5 24. b4 Qc7 25. b5 axb5 26. axb5 Qc5 27. Ra1 Rc8 28. Ra7
Rc7 29. Rxc7 Qxc7 30. Qa2 Be6 31. Bxe6 fxe6 32. Qa4 Kf7 33. Qb3 Ke7 34. Qd3 Kf6
35. Qf3+ Ke7 36. Qd3 Kf6 37. Qf3+ Ke7 38. Qd3 1/2-1/2

[Event "Titled Tue 27th May Late"]
[Site "chess.com INT"]
[Date "2025.05.27"]
[Round "11"]
[White "Materia, Marco"]
[Black "Nguyen, Ngoc Truong Son"]
[Result "1-0"]
[WhiteTitle "IM"]
[BlackTitle "GM"]
[WhiteElo "2489"]
[BlackElo "2632"]
[WhiteFideId "45150451"]
[BlackFideId "12401110"]
[EventDate "2025.05.27"]

1. Nf3 Nf6 2. c4 e6 3. g3 d5 4. Bg2 Be7 5. O-O O-O 6. b3 c5 7. cxd5 Nxd5 8. Bb2
Bf6 9. d4 Nc6 10. Qd2 cxd4 11. Nxd4 Nxd4 12. Bxd4 Nf4 13. Bxf6 Qxd2 14. Nxd2
Nxe2+ 15. Kh1 gxf6 16. Ne4 f5 17. Nd6 Rd8 18. Nxb7 Bxb7 19. Bxb7 Rab8 20. Bf3
Nc3 21. Rfc1 Rd3 22. Kg2 e5 23. Rc2 e4 24. Be2 Nxe2 25. Rxe2 Rc8 26. Rb1 Kg7 27.
b4 Kf6 28. b5 Rc4 29. b6 axb6 30. Rxb6+ Kg5 31. h4+ Kg4 32. Rf6 Rd7 33. Rb2 Rc8
34. Rb5 1-0

[Event "Titled Tue 27th May Late"]
[Site "chess.com INT"]
[Date "2025.05.27"]
[Round "11"]
[White "Lazavik, Denis"]
[Black "Sjugirov, Sanan"]
[Result "1-0"]
[WhiteTitle "GM"]
[BlackTitle "GM"]
[WhiteElo "2577"]
[BlackElo "2638"]
[WhiteFideId "13515110"]
[BlackFideId "4189302"]
[EventDate "2025.05.27"]

1. d4 d5 2. c4 c6 3. Nf3 Nf6 4. Qc2 g6 5. cxd5 cxd5 6. Bf4 Nc6 7. Nc3 a6 8. e3
Nh5 9. Be5 Bg7 10. Bxg7 Nxg7 11. Be2 O-O 12. O-O e6 13. Rfc1 Bd7 14. Na4 Nf5 15.
Nc5 Ra7 16. Qb3 Nd6 17. Rc2 a5 18. Rac1 Nb4 19. Rd2 b6 20. Nxd7 Qxd7 21. a3 Nc6
22. Qxb6 Rc8 23. Rdc2 Rb7 24. Qa6 Rbc7 25. Bb5 Nxb5 26. Qxb5 Qd6 27. Qb6 Rb8 28.
Qxb8+ Nxb8 29. Rxc7 Nd7 30. h3 h6 31. R1c6 Qe7 32. Ne5 1-0

[Event "Titled Tue 27th May Late"]
[Site "chess.com INT"]
[Date "2025.05.27"]
[Round "11"]
[White "Caruana, Fabiano"]
[Black "Vlassov, Nikolai"]
[Result "1-0"]
[WhiteTitle "GM"]
[BlackTitle "IM"]
[WhiteElo "2776"]
[BlackElo "2291"]
[WhiteFideId "2020009"]
[BlackFideId "4103360"]
[EventDate "2025.05.27"]

1. b3 e5 2. Bb2 Nc6 3. Nf3 e4 4. Nd4 Qf6 5. e3 Bc5 6. c3 Nge7 7. Na3 d5 8. Nac2
h5 9. d3 Bg4 10. Qd2 Ne5 11. dxe4 dxe4 12. h3 Bd7 13. c4 Qg6 14. Nb5 O-O-O 15.
Bxe5 Bxb5 16. Qa5 Bb6 17. Qxb5 Nc6 18. Bc3 Rd3 19. Bxd3 exd3 20. Nd4 Bxd4 21.
Bxd4 Nxd4 22. exd4 Qe4+ 23. Kf1 d2 24. Qe5 Qc2 25. Qe2 1-0

[Event "Titled Tue 27th May Late"]
[Site "chess.com INT"]
[Date "2025.05.27"]
[Round "11"]
[White "Karas, Marek"]
[Black "Dubnevych, Maksym"]
[Result "0-1"]
[WhiteTitle "FM"]
[BlackTitle "FM"]
[WhiteElo "2200"]
[BlackElo "2292"]
[WhiteFideId "14928558"]
[BlackFideId "14184001"]
[EventDate "2025.05.27"]

1. d4 Nf6 2. Nf3 e6 3. c4 d5 4. Nc3 c5 5. cxd5 cxd4 6. Qxd4 exd5 7. e4 dxe4 8.
Qxd8+ Kxd8 9. Ng5 Be6 10. Nxe6+ fxe6 11. Bc4 Ke7 12. Bg5 h6 13. Bxf6+ gxf6 14.
Nxe4 Nd7 15. O-O f5 16. Ng3 Ne5 17. Be2 Bg7 18. Rac1 Rac8 19. Nh5 Bf6 20. Nxf6
Kxf6 21. f4 Nc6 22. Rfd1 Rhd8 23. Rxd8 Rxd8 24. Rd1 Rxd1+ 25. Bxd1 Nb4 26. Bf3
b6 27. a3 Nd3 28. g3 Nxb2 29. Be2 Na4 30. Kf2 Nc5 31. Ke3 Ke7 32. Kd4 Kd6 33. h3
Ne4 34. g4 Nf2 35. gxf5 Nxh3 36. fxe6 Nxf4 37. Bg4 Nxe6+ 38. Kc4 Ng7 39. Kb5 Kc7
40. a4 a5 41. Be2 h5 42. Kc4 h4 43. Bg4 Ne8 44. Kd4 Nf6 45. Bh3 Kd6 46. Bf1 Nd5 0-1

[Event "Titled Tue 27th May Late"]
[Site "chess.com INT"]
[Date "2025.05.27"]
[Round "11"]
[White "Naranjo Moreno, Antonio"]
[Black "Sethuraman, Roshan"]
[Result "0-1"]
[WhiteTitle "FM"]
[WhiteElo "2289"]
[BlackElo "2074"]
[WhiteFideId "2278626"]
[BlackFideId "30965250"]
[EventDate "2025.05.27"]

1. e4 c5 2. Nf3 d6 3. d4 cxd4 4. Nxd4 Nf6 5. Nc3 a6 6. Bg5 Nbd7 7. Bc4 Qb6 8.
O-O h6 9. Be3 Qc7 10. Bb3 Nc5 11. Re1 e6 12. f3 Be7 13. Qd2 b5 14. Rad1 Bd7 15.
Nde2 a5 16. Nd4 a4 17. Ncxb5 Bxb5 18. Nxb5 Qc6 19. Bc4 Ncxe4 20. fxe4 Qxc4 21.
Nxd6+ Bxd6 22. Qxd6 Nxe4 23. Qd7+ Kf8 24. Rd4 Qxc2 25. Rxe4 Qxb2 26. Rf4 f6 27.
Bc5+ Kg8 28. Qxe6+ Kh7 29. Qe4+ g6 30. Qb7+ Qxb7 0-1

[Event "Titled Tue 27th May Late"]
[Site "chess.com INT"]
[Date "2025.05.27"]
[Round "11"]
[White "Arabidze, Meri"]
[Black "Mendes Aaron Reeve"]
[Result "0-1"]
[WhiteTitle "IM"]
[BlackTitle "IM"]
[WhiteElo "2440"]
[BlackElo "2335"]
[WhiteFideId "13604040"]
[BlackFideId "25954938"]
[EventDate "2025.05.27"]

1. b3 d5 2. Bb2 Nd7 3. f4 Ngf6 4. Nf3 g6 5. e3 Bg7 6. Be2 O-O 7. O-O b6 8. Qe1
Bb7 9. Qh4 c5 10. d3 Rc8 11. Nbd2 b5 12. a4 c4 13. Bd4 c3 14. Nb1 b4 15. Bxa7
Nc5 16. a5 Ba6 17. Bxc5 Rxc5 18. Ra4 Qb8 19. Ne5 Rfc8 20. Rf2 d4 21. exd4 Rd5
22. Bf3 Rxd4 23. Nc6 Rxc6 24. Bxc6 Qd6 25. Ba8 Nh5 26. g3 Qe6 27. Be4 f5 28. Bf3
Rxd3 29. cxd3 Bd4 30. g4 Qe1+ 31. Kg2 Nxf4+ 32. Kg3 Bxf2+ 33. Kxf4 Qe3# 0-1

[Event "Titled Tue 27th May Late"]
[Site "chess.com INT"]
[Date "2025.05.27"]
[Round "11"]
[White "Iskusnyh, Sergei"]
[Black "Pribelszky, Bence"]
[Result "1-0"]
[WhiteTitle "GM"]
[BlackTitle "IM"]
[WhiteElo "2440"]
[BlackElo "2400"]
[WhiteFideId "4120027"]
[BlackFideId "769738"]
[EventDate "2025.05.27"]

1. d4 d5 2. c4 c6 3. Nf3 Nf6 4. e3 g6 5. Nc3 Bg7 6. Be2 O-O 7. O-O dxc4 8. Bxc4
b5 9. Be2 Nbd7 10. Qc2 Bb7 11. Rd1 Rc8 12. b4 Nb6 13. Ne5 a6 14. a3 Nfd5 15. Ne4
Na4 16. Nd3 Ba8 17. Ndc5 Nxc5 18. Nxc5 a5 19. e4 Nf6 20. bxa5 Qxa5 21. Bd2 Qa7
22. Bb4 Rfd8 23. Bf3 Nd7 24. e5 Nb6 25. a4 bxa4 26. Nxa4 Nd5 27. Bc5 Qc7 28.
Rdb1 Rb8 29. Nc3 Nxc3 30. Qxc3 Rxb1+ 31. Rxb1 Rb8 32. Ra1 Bb7 33. h4 Bc8 34. h5
Be6 35. Ra7 Rb7 36. Ra8+ Rb8 37. Rxb8+ Qxb8 38. Bxe7 Qb1+ 39. Kh2 Bh6 40. g3 Qf1
41. Qb2 Be3 42. Qb8+ Kg7 43. Qf8# 1-0

[Event "Titled Tue 27th May Late"]
[Site "chess.com INT"]
[Date "2025.05.27"]
[Round "11"]
[White "Clawitter, Craig"]
[Black "Noroozi, Omid"]
[Result "0-1"]
[BlackTitle "IM"]
[WhiteElo "2050"]
[BlackElo "2266"]
[WhiteFideId "2023105"]
[BlackFideId "12501190"]
[EventDate "2025.05.27"]

1. e4 c5 2. Nf3 d6 3. d4 cxd4 4. Nxd4 Nf6 5. Nc3 a6 6. f3 e5 7. Nb3 Be7 8. Be3
Be6 9. Qd2 h5 10. Nd5 Nxd5 11. exd5 Bf5 12. Be2 Nd7 13. O-O Rc8 14. c4 b6 15.
Rac1 a5 16. Na1 O-O 17. Nc2 Bg6 18. f4 exf4 19. Bxf4 Ne5 20. Nd4 Bf6 21. Bxe5
Bxe5 22. Nc6 Rxc6 23. dxc6 Qh4 24. g3 Bxg3 25. Bf3 Bf4 26. Qf2 Qg5+ 27. Kh1 Bxc1
28. c7 Be3 29. Qg3 Qxg3 30. hxg3 Rc8 31. Re1 Bg5 32. g4 hxg4 33. Bxg4 Rxc7 34.
Re8+ Kh7 0-1

[Event "Titled Tue 27th May Late"]
[Site "chess.com INT"]
[Date "2025.05.27"]
[Round "11"]
[White "George, Kevin"]
[Black "Korkmaz, Necmettin"]
[Result "1-0"]
[WhiteTitle "IM"]
[BlackTitle "CM"]
[WhiteElo "2301"]
[BlackElo "2059"]
[WhiteFideId "10669515"]
[BlackFideId "6303285"]
[EventDate "2025.05.27"]

1. d4 d5 2. c4 e5 3. dxe5 d4 4. Nf3 Nc6 5. a3 Nge7 6. Bf4 Be6 7. Nbd2 h6 8. h3
g5 9. Bh2 Nf5 10. Ne4 Bg7 11. g4 Nfe7 12. Nc5 Rb8 13. Qd3 O-O 14. b4 b6 15. Nxe6
fxe6 16. b5 Na5 17. Nxd4 Qc8 18. e3 c5 19. bxc6 Naxc6 20. Qe4 Nxd4 21. exd4 Qa6
22. Bd3 Qa5+ 23. Kf1 Rf7 24. Kg2 Qd2 25. Rhf1 Rd8 26. Rad1 Qc3 27. Be2 Bf8 28.
f4 Rg7 29. f5 exf5 30. gxf5 Nc6 31. f6 Rh7 32. d5 Na5 33. f7+ Rxf7 34. Rxf7 Kxf7
35. Qh7+ Ke8 36. Bh5# 1-0

[Event "Titled Tue 27th May Late"]
[Site "chess.com INT"]
[Date "2025.05.27"]
[Round "11"]
[White "Panarin, Mikhail"]
[Black "Ghimoyan, Narek"]
[Result "1-0"]
[WhiteTitle "GM"]
[BlackTitle "CM"]
[WhiteElo "2562"]
[BlackElo "2273"]
[WhiteFideId "4153251"]
[BlackFideId "13315412"]
[EventDate "2025.05.27"]

1. e4 e5 2. Nf3 Nc6 3. Bb5 a6 4. Ba4 f5 5. d4 exd4 6. e5 b5 7. Bb3 Na5 8. Nxd4
Bb7 9. Nxf5 Ne7 10. Bg5 Nxb3 11. axb3 Nxf5 12. Bxd8 Rxd8 13. O-O Bc5 14. Nc3 O-O
15. Rxa6 Bxa6 16. Qd5+ Kh8 17. Qxc5 b4 18. Ne4 Bxf1 19. Kxf1 d6 20. exd6 Nxd6
21. Ng5 Rfe8 22. Qxb4 h6 23. Nf3 Ne4 24. g4 c5 25. Qa4 Ra8 26. Qc4 Rad8 27. Kg2
Rd7 28. h4 Rf7 29. Qxf7 1-0

[Event "Titled Tue 27th May Late"]
[Site "chess.com INT"]
[Date "2025.05.27"]
[Round "11"]
[White "Cernov, Henrik"]
[Black "Moroni, Luca Jr"]
[Result "1-0"]
[WhiteTitle "FM"]
[BlackTitle "GM"]
[WhiteElo "2325"]
[BlackElo "2546"]
[WhiteFideId "16258312"]
[BlackFideId "865834"]
[EventDate "2025.05.27"]

1. e4 d5 2. exd5 c6 3. d6 e5 4. d4 e4 5. Nc3 f5 6. f3 Bxd6 7. Qe2 Nf6 8. Bg5 h6
9. Bxf6 Qxf6 10. fxe4 fxe4 11. Nxe4 Bb4+ 12. c3 Qe7 13. cxb4 O-O 14. Nc3 Qg5 15.
Nf3 Qf4 16. Qe5 Bg4 17. Qxf4 Rxf4 18. Bc4+ Kh8 19. O-O Nd7 20. Rad1 Raf8 21. Ne2
R4f6 22. Ne5 Nxe5 23. dxe5 Rxf1+ 24. Rxf1 Re8 25. Nf4 g5 26. Bf7 Rd8 27. e6 Bxe6
28. Nxe6 Rd2 29. Bg6 1-0

[Event "Titled Tue 27th May Late"]
[Site "chess.com INT"]
[Date "2025.05.27"]
[Round "11"]
[White "Nayak, Rajesh"]
[Black "Andrade, Ivan"]
[Result "1-0"]
[WhiteTitle "FM"]
[BlackTitle "FM"]
[WhiteElo "2286"]
[BlackElo "2161"]
[WhiteFideId "35017152"]
[BlackFideId "14800039"]
[EventDate "2025.05.27"]

1. Nf3 Nf6 2. g3 b5 3. Bg2 Bb7 4. O-O e6 5. d3 Be7 6. Nbd2 O-O 7. e4 d6 8. Qe2
Nbd7 9. Ne1 Rb8 10. f4 a6 11. g4 Ne8 12. Nef3 d5 13. e5 g6 14. f5 exf5 15. gxf5
gxf5 16. Nd4 Bc5 17. Nb3 Bb6 18. Kh1 Qe7 19. Bh6 Qxe5 20. Qxe5 Nxe5 21. Nxf5 Ng6
22. d4 a5 23. Bxf8 Kxf8 24. Nc5 Bxc5 25. dxc5 f6 26. Rae1 Ne5 27. c6 Bxc6 28.
Rxe5 fxe5 29. Nd4+ Ke7 30. Nxc6+ 1-0

[Event "Titled Tue 27th May Late"]
[Site "chess.com INT"]
[Date "2025.05.27"]
[Round "11"]
[White "Modric, Nesa"]
[Black "Rose, Felix"]
[Result "1-0"]
[WhiteTitle "CM"]
[BlackTitle "CM"]
[WhiteElo "2088"]
[BlackElo "2093"]
[WhiteFideId "922579"]
[BlackFideId "5105722"]
[EventDate "2025.05.27"]

1. d4 Nf6 2. Bg5 d5 3. Bxf6 gxf6 4. Nf3 Bg7 5. c4 dxc4 6. Qa4+ Nc6 7. e3 e5 8.
Nbd2 O-O 9. dxe5 fxe5 10. Bxc4 Qe7 11. e4 Kh8 12. O-O f5 13. Rfe1 a6 14. Qc2
fxe4 15. Nxe4 Bf5 16. Qe2 Nd4 17. Nxd4 exd4 18. Bd3 c5 19. a4 Rae8 20. Rac1 b5
21. axb5 axb5 22. Rxc5 Qxc5 23. Nxc5 Rxe2 24. Rxe2 Bg4 25. f3 Bh5 26. Re7 Bf6
27. Rxh7+ Kg8 28. Rxh5 1-0

[Event "Titled Tue 27th May Late"]
[Site "chess.com INT"]
[Date "2025.05.27"]
[Round "11"]
[White "Romero Ruscalleda, Josep"]
[Black "Deichmann, Esteban Horacio"]
[Result "1-0"]
[WhiteTitle "FM"]
[WhiteElo "2110"]
[BlackElo "2085"]
[WhiteFideId "2231859"]
[BlackFideId "167410"]
[EventDate "2025.05.27"]

1. e4 d6 2. d4 Nd7 3. Nc3 c5 4. Nf3 cxd4 5. Nxd4 g6 6. Be3 Bg7 7. Qd2 Ngf6 8.
Bc4 O-O 9. O-O-O a6 10. h4 b5 11. Bd3 Qa5 12. Kb1 b4 13. Nce2 Nc5 14. Ng3 Rb8
15. Nb3 Nxb3 16. axb3 Be6 17. h5 Rfc8 18. Bh6 Bh8 19. hxg6 fxg6 20. Bg5 Ng4 21.
Bf4 Bc3 22. Qe2 Rb5 23. Bc1 Qb6 24. Nf5 Nxf2 25. Nxe7+ Kg7 26. Nxc8 Bxc8 27.
Bxb5 axb5 28. bxc3 Nxh1 29. Rxh1 bxc3 30. Qf3 b4 31. Bh6+ 1-0

[Event "Titled Tue 27th May Late"]
[Site "chess.com INT"]
[Date "2025.05.27"]
[Round "11"]
[White "Sroczynski, Maciej"]
[Black "Wang, Daniel"]
[Result "1-0"]
[WhiteTitle "FM"]
[BlackTitle "CM"]
[WhiteElo "2236"]
[BlackElo "2030"]
[WhiteFideId "1121472"]
[BlackFideId "3238873"]
[EventDate "2025.05.27"]

1. d4 Nf6 2. c4 g6 3. f3 Bg7 4. e4 d6 5. Nc3 O-O 6. Be3 Nbd7 7. Qd2 a6 8. Nge2
c6 9. a4 Rb8 10. b4 c5 11. bxc5 dxc5 12. d5 Qa5 13. Bf4 Ra8 14. Rc1 Nb6 15. Ng3
Bd7 16. e5 Ne8 17. Bd3 Nxa4 18. h4 Nxc3 19. Rxc3 h5 20. O-O Rc8 21. Bg5 Bxe5 22.
Ne4 Bxc3 23. Nxc3 Nf6 24. d6 Qb6 25. dxe7 Rfe8 26. Qf4 Rc6 27. Re1 Kg7 28. Bh6+
Kh7 29. Bf8 Qc7 30. Qh6+ Kg8 31. Qg7# 1-0

[Event "Titled Tue 27th May Late"]
[Site "chess.com INT"]
[Date "2025.05.27"]
[Round "11"]
[White "Akobian, Varuzhan"]
[Black "Tekeyev, Zaur"]
[Result "1-0"]
[WhiteTitle "GM"]
[BlackTitle "IM"]
[WhiteElo "2564"]
[BlackElo "2417"]
[WhiteFideId "13300580"]
[BlackFideId "4199731"]
[EventDate "2025.05.27"]

1. d4 Nf6 2. c4 g6 3. Nf3 Bg7 4. Nc3 d6 5. Bg5 h6 6. Bh4 g5 7. Bg3 c5 8. e3 cxd4
9. Nxd4 Nc6 10. Be2 Bd7 11. O-O Rc8 12. Rc1 h5 13. h3 Ne5 14. Qb3 h4 15. Bxe5
dxe5 16. Nf3 g4 17. hxg4 Nxg4 18. Rfd1 Qc7 19. Nb5 Qb6 20. Rxd7 Kxd7 21. Qa4 Qc6
22. Qa3 Qc5 23. b4 Qb6 24. c5 Qa6 25. Qd3+ Ke8 26. Qe4 Qe6 27. Ng5 Nf6 28. Nxe6
Nxe4 29. Nxg7+ Kf8 30. Nf5 a6 31. Nc3 Nxc3 32. Rxc3 h3 33. gxh3 Rxh3 34. Bg4 Rh7
35. Nxe7 Rd8 36. Nf5 Rd2 37. a4 Rb2 38. Rc4 f6 39. c6 bxc6 40. Rxc6 e4 41. Rxa6
Rxb4 42. Rxf6+ Rf7 43. Rxf7+ Kxf7 44. Nd4 Rxa4 45. Bf5 Kf6 46. Bxe4 Ke5 47. Bf3 1-0

[Event "Titled Tue 27th May Late"]
[Site "chess.com INT"]
[Date "2025.05.27"]
[Round "11"]
[White "Shapiro, Daniel"]
[Black "Reinecke, Katharina"]
[Result "1-0"]
[WhiteTitle "FM"]
[BlackTitle "WCM"]
[WhiteElo "2284"]
[BlackElo "1921"]
[WhiteFideId "2001780"]
[BlackFideId "12929727"]
[EventDate "2025.05.27"]

1. d4 c6 2. c4 d5 3. Nf3 Nf6 4. Qb3 Qb6 5. Nc3 dxc4 6. Qxc4 Be6 7. Qd3 g6 8. g3
Bg7 9. Bg2 O-O 10. O-O Nbd7 11. Ng5 Bd5 12. e4 Be6 13. Nxe6 fxe6 14. Qc4 c5 15.
dxc5 Qxc5 16. Qxe6+ Kh8 17. Be3 Qb4 18. Rab1 Nb6 19. a3 Qd6 20. Qxd6 exd6 21.
Bf4 Rfe8 22. Bxd6 Nc4 23. Bf4 Nh5 24. Rfd1 Nxf4 25. gxf4 Nxb2 26. Rxb2 Bxc3 27.
Rxb7 Red8 28. Rbd7 Rxd7 29. Rxd7 a5 30. e5 Rb8 31. Bd5 Rb1+ 32. Kg2 Rd1 33. Kf3
Be1 34. Ke2 Ra1 35. e6 Rxa3 36. e7 1-0

[Event "Titled Tue 27th May Late"]
[Site "chess.com INT"]
[Date "2025.05.27"]
[Round "11"]
[White "Rosen, Eric"]
[Black "Jahnz, Laurin"]
[Result "1-0"]
[WhiteTitle "IM"]
[BlackTitle "CM"]
[WhiteElo "2377"]
[BlackElo "2233"]
[WhiteFideId "2032562"]
[BlackFideId "16261089"]
[EventDate "2025.05.27"]

1. d4 d5 2. Bf4 c5 3. Nc3 e6 4. e4 dxe4 5. dxc5 Qxd1+ 6. Rxd1 Bxc5 7. Nxe4 Be7
8. Nf3 Nf6 9. Nd6+ Bxd6 10. Bxd6 Nc6 11. Bd3 Bd7 12. O-O O-O-O 13. Ng5 Be8 14.
Bb5 h6 15. Nf3 Nd5 16. Ba3 Ncb4 17. Bxe8 Rhxe8 18. c4 Nc2 19. cxd5 Nxa3 20. bxa3
exd5 21. Rd2 Re4 22. Rfd1 Ra4 23. Rxd5 Rxd5 24. Rxd5 Rxa3 25. Rd2 Kc7 26. Kf1 b5
27. Ne5 f6 28. Rc2+ Kd6 29. Nc6 a5 30. Nd4 Rd3 31. Nxb5+ Ke7 32. Ke2 Rd5 33. a4
Re5+ 34. Kd3 Rh5 35. h3 Rg5 36. g3 Rh5 37. h4 Rd5+ 38. Nd4 Kd6 39. Rc6+ Kd7 40.
Ra6 Ke7 41. f4 g5 42. Kc4 1-0

[Event "Titled Tue 27th May Late"]
[Site "chess.com INT"]
[Date "2025.05.27"]
[Round "11"]
[White "Howell, David W L"]
[Black "Garcia Hernandez, Rebeca"]
[Result "1-0"]
[WhiteTitle "GM"]
[BlackTitle "WCM"]
[WhiteElo "2668"]
[BlackElo "1903"]
[WhiteFideId "410608"]
[BlackFideId "5180872"]
[EventDate "2025.05.27"]

1. d4 Nf6 2. c4 g6 3. Nc3 d5 4. Bf4 Bg7 5. e3 c5 6. dxc5 Qa5 7. Rc1 Ne4 8. cxd5
Nxc3 9. Qd2 Nd7 10. Ne2 Nxc5 11. Nxc3 O-O 12. Be2 Na4 13. Nxa4 Qxa4 14. b3 Qa3
15. O-O Bf5 16. g4 Bd7 17. Rc7 Rfd8 18. Rxb7 e6 19. Bg5 f6 20. Bh4 g5 21. Bg3
Kh8 22. Rc1 exd5 23. Rcc7 Qe7 24. Bb5 Rac8 25. Rxd7 Rxd7 26. Rxd7 Qe6 27. h3 h5
28. Qxd5 Qxd5 29. Rxd5 hxg4 30. hxg4 Rc2 31. Rd8+ 1-0

[Event "Titled Tue 27th May Late"]
[Site "chess.com INT"]
[Date "2025.05.27"]
[Round "11"]
[White "Cardenas Carbajal, Nilson"]
[Black "Amarasinghe, A A C B"]
[Result "1-0"]
[WhiteTitle "CM"]
[BlackTitle "CM"]
[WhiteElo "2036"]
[BlackElo "1949"]
[WhiteFideId "8401128"]
[BlackFideId "9901809"]
[EventDate "2025.05.27"]

1. e4 e6 2. d4 d5 3. e5 c5 4. c3 Nc6 5. Nf3 f6 6. Bd3 fxe5 7. dxe5 g6 8. O-O Bg7
9. Bg5 Qc7 10. Qe2 Nge7 11. Bf6 O-O 12. Bxg7 Kxg7 13. c4 Rxf3 14. Qxf3 Nxe5 15.
Qg3 N7c6 16. Re1 Bd7 17. Nc3 Rc8 18. cxd5 Nxd3 19. Qxd3 Nd4 20. dxe6 Bxe6 21.
Rad1 Bf5 22. Qc4 b6 23. Nd5 Qd6 24. Re7+ Kf8 25. Rxh7 Be4 26. Rxd4 Bxd5 27. Rxd5
Qf6 28. Rd3 Re8 29. Rf3 Re1+ 30. Qf1 Rxf1+ 31. Kxf1 Qxf3 32. gxf3 a5 33. Rb7 a4
34. Rxb6 a3 35. bxa3 c4 36. Rc6 c3 37. Rxc3 g5 38. Rc7 g4 39. a4 g3 40. a5 g2+
41. Kxg2 Ke8 42. a6 Kd8 43. Rb7 Kc8 44. h4 Kd8 45. h5 Ke8 46. h6 Kf8 47. a7 Kg8
48. a8=Q# 1-0

[Event "Titled Tue 27th May Late"]
[Site "chess.com INT"]
[Date "2025.05.27"]
[Round "11"]
[White "Petriashvili, Nikoloz"]
[Black "Toncheva, Nadya"]
[Result "1-0"]
[WhiteTitle "IM"]
[BlackTitle "FM"]
[WhiteElo "2468"]
[BlackElo "2332"]
[WhiteFideId "13611216"]
[BlackFideId "2924056"]
[EventDate "2025.05.27"]

1. Nh3 c5 2. g3 Nc6 3. Bg2 g6 4. c4 Bg7 5. Nf4 e6 6. Nc3 Nge7 7. d3 O-O 8. O-O
a6 9. a3 Rb8 10. a4 Nb4 11. Rb1 d5 12. Qb3 d4 13. Na2 a5 14. Nxb4 axb4 15. e4
Bd7 16. Qc2 Nc6 17. b3 Qe7 18. h4 h6 19. Nh3 Rbe8 20. f4 f5 21. Bd2 e5 22. Rbe1
Qd6 23. Nf2 Kh7 24. Qd1 exf4 25. Bxf4 Be5 26. exf5 Bxf5 27. Ne4 Bxe4 28. Rxe4
Bxf4 29. Rexf4 Rxf4 30. Rxf4 Kg7 31. Qf1 Nd8 32. Bd5 Qe7 33. Re4 Qd7 34. Rxe8
Qxe8 35. Be4 b6 36. Qf4 Qe7 37. Qb8 Qf6 38. Qc7+ Kf8 39. Kg2 Nf7 40. a5 bxa5 41.
Qxc5+ Kg7 42. Qxa5 Ne5 43. Qc7+ Kf8 44. Qb8+ Kg7 45. Qa7+ Kf8 46. Qxd4 Qe7 47.
c5 Ng4 48. Qh8+ Kf7 49. Bd5+ 1-0

[Event "Titled Tue 27th May Late"]
[Site "chess.com INT"]
[Date "2025.05.27"]
[Round "11"]
[White "Klukin, Kirill"]
[Black "Garzon Zapatanga, Christopher Leonel"]
[Result "0-1"]
[WhiteTitle "IM"]
[BlackTitle "FM"]
[WhiteElo "2407"]
[BlackElo "2168"]
[WhiteFideId "24199273"]
[BlackFideId "3634787"]
[EventDate "2025.05.27"]

1. e4 c5 2. d4 cxd4 3. Qxd4 Nc6 4. Qd3 g6 5. Nc3 Bg7 6. Nf3 d6 7. Be2 Nf6 8. O-O
O-O 9. Nd5 Bg4 10. c3 Rc8 11. Bg5 Bxf3 12. Qxf3 Ne5 13. Qe3 Nc4 14. Bxc4 Rxc4
15. Bxf6 exf6 16. Qd3 b5 17. Rad1 Re8 18. f3 a5 19. Ne3 Qb6 20. Kh1 Rc6 21. Nd5
Qb7 22. Rd2 Re5 23. Rfd1 f5 24. exf5 Rxf5 25. Re2 Re5 26. f4 Rxe2 27. Qxe2 Rc5
28. Qe8+ Bf8 29. Nf6+ Kg7 30. Nd7 Rc8 31. Qe3 Qxd7 32. Qd4+ Kg8 33. h3 Re8 34.
Qd3 Qc6 35. Kh2 Re4 36. Qf3 d5 37. f5 Qd6+ 38. Kh1 Rf4 39. Qd3 Rxf5 40. Qxb5 Qg3
41. Qd3 Qf4 42. Qd4 Qg5 43. Re1 Rf4 44. Qd3 Rf2 45. Rg1 Bd6 46. b4 axb4 47. cxb4
Qe5 48. g3 Qb2 0-1

[Event "Titled Tue 27th May Late"]
[Site "chess.com INT"]
[Date "2025.05.27"]
[Round "11"]
[White "Shirov, Alexei"]
[Black "Wagner, Dennis"]
[Result "1-0"]
[WhiteTitle "GM"]
[BlackTitle "GM"]
[WhiteElo "2620"]
[BlackElo "2616"]
[WhiteFideId "2209390"]
[BlackFideId "24650684"]
[EventDate "2025.05.27"]

1. e4 e5 2. Nf3 Nc6 3. Bc4 Bc5 4. c3 Nf6 5. d4 exd4 6. e5 d5 7. Bb5 Ne4 8. cxd4
Bb6 9. Be3 O-O 10. Nc3 Bg4 11. h3 Bh5 12. Qc2 Nxc3 13. Bxc6 bxc6 14. Qxc3 Bxf3
15. gxf3 f6 16. f4 fxe5 17. fxe5 Qh4 18. O-O-O Rab8 19. Qxc6 Qe4 20. Rhg1 Rf7
21. Rg4 Qf3 22. Rg3 Qe2 23. Qc2 Qxc2+ 24. Kxc2 a5 25. Kd3 a4 26. Rc1 Ba7 27. Rc2
Rb4 28. f4 Kf8 29. e6 Re7 30. f5 g6 31. Rf2 Kg8 32. f6 Rxe6 33. f7+ Kf8 34. Bh6+ 1-0